Andorra

Salvato in:
Dettagli Bibliografici
Autore principale: Cameron, Peter
Natura: Libro
Lingua:italiano
Tags: Aggiungi Tag
Nessun Tag, puoi essere il primo ad aggiungerne!!

MARC

LEADER 00000nam a2200000 i 4500
001 CDOM0000005770
003 mi
005 20251006194604.0
008 140131s2014 it |||||||| |||| 00| ||ita||
040 |c mi 
100 |a Cameron, Peter 
245 1 |a Andorra  
942 |2 ddc  |c BK 
952 |0 0  |1 0  |2 ddc  |4 0  |7 0  |9 7981  |a MI  |b MI  |d 2014-09-01  |i 6663  |l 0  |p CDOM6663  |r 2025-07-13 16:28:00  |w 2025-07-13  |y BK 
999 |c 6644  |d 6644